000 00626nam a2200265Ia 4500
008 210210b2008 xxu||||| |||| 00| 0 eng d
020 _a9788184880380
041 _aeng
082 _a338.954 MISI
100 _aMISRA (S K)
245 _aIndian economy: Its development experience Ed 26
250 _a
260 _aMumbai
_bHimalaya Publishing House
_c2008
300 _axxvii--847
650 _aIts
650 _aIndian
650 _aexperience
650 _aEd
650 _aeconomy:
650 _adevelopment
650 _a26
690 _aIndian Economics
700 _aPURI (V K)
906 _aSG05205
999 _c136540
_d136540